Statistics for Countries that Beat Indonesia

Click here to take the quiz!

General Stats

  • This quiz has been taken 8,504 times
  • The average score is 13 of 17

Answer Stats

Rank Hint Answer % Correct
4Most coastlineCanada | Russia | United States
98%
7Geographically closest to VietnamCambodia | China | Laos | Thailand | Myanmar | Malaysia
96%
3Largest by land area among countries that
lie on the Equator
Brazil | D. R. Congo
93%
2Most populous country ending in "IA"India
92%
5Greatest number of venomous animal speciesMexico | Brazil | Australia | India
92%
2Geographically closest to AustraliaPapua New Guinea
91%
2Most populous capital city
*urban area population
Japan
88%
2Most forest land lost since 1990Brazil
86%
2Most-visited country by AustraliansNew Zealand
85%
2Most recent 9.0 earthquakeJapan
82%
8 (t)Whitest flagCyprus | Japan | South Korea | Georgia |
Israel | Finland | Singapore
78%
3Most malaria deaths (outside of Africa)India | Papua New Guinea
76%
2Most islands over 10,000 km2 in sizeCanada
74%
9Most average precipitationColombia | São Tomé and Príncipe | Papua New Guinea |
Solomon Islands | Panama | Costa Rica | Malaysia | Brunei
67%
2Most different languages spokenPapua New Guinea
52%
5 (t)Most number of different vowels in its name
*official JetPunk names
Democratic Republic of the Congo | Dominican Republic |
Equatorial Guinea | Mozambique
41%
3Greatest source of foreign-born residents
of the Netherlands
Turkey | Morocco
32%

Score Distribution

Percentile by Number Answered

Percent of People with Each Score

Your Score History

You have not taken this quiz